[Event "Bucaramanga Bonita op"]
[Site "Bucaramanga"]
[Date "2021.09.05"]
[Round "5"]
[White "Romero Martinez, Filadelfo"]
[Black "Carvajal Barreto, Johan Sebastian"]
[Result "0-1"]
[WhiteElo "2027"]
[BlackElo "1649"]
[PlyCount "86"]
[EventDate "2021.09.04"]
[EventType "swiss"]
[EventRounds "6"]
[EventCountry "COL"]
[SourceTitle "EXT 2022"]
[Source "ChessBase"]
[SourceDate "2021.10.06"]
[SourceVersion "1"]
[SourceVersionDate "2021.10.06"]
[SourceQuality "1"]

1. e4 d6 2. d4 Nf6 3. Nc3 c6 4. Nf3 Bg4 5. Be2 Nbd7 6. h3 Bh5 7. 0-0 Qc7 8. Be3 b5 9. a3 e5 10. Qd2 Bg6 11. Bd3 Be7 12. d5 a6 13. dxc6 Qxc6 14. Nd5 Bxe4 15. Nxe7 Kxe7 16. Bg5 Bxf3 17. gxf3 Nc5 18. Be4 Ncxe4 19. fxe4 h6 20. Bxf6+ gxf6 21. f3 Rhg8+ 22. Kh2 Rg5 23. Rad1 Rag8 24. Rg1 Qc5 25. Rg4 h5 26. Rxg5 Rxg5 27. h4 Rg6 28. c3 Ke6 29. b4 Qc6 30. a4 f5 31. axb5 axb5 32. Qd3 fxe4 33. fxe4 Rg4 34. Qd5+ Qxd5 35. exd5+ Kf5 36. Kh3 e4 37. c4 bxc4 38. b5 e3 39. Rc1 Rg8 40. Rxc4 e2 41. Rc1 Kf4 42. b6 Kf3 43. b7 Rb8 0-1

[Event "COL-chT 21st"]
[Site "Cartagena"]
[Date "2019.11.30"]
[Round "8.1"]
[White "Romero Martinez, Filadelfo"]
[Black "Florez, Luis Angel"]
[Result "1/2-1/2"]
[WhiteElo "2046"]
[BlackElo "2112"]
[PlyCount "86"]
[EventDate "2019.11.30"]
[EventType "team-swiss"]
[EventRounds "9"]
[EventCountry "COL"]
[SourceTitle "CBM 195 Extra"]
[Source "ChessBase"]
[SourceDate "2020.05.31"]
[SourceVersion "1"]
[SourceVersionDate "2020.05.31"]
[SourceQuality "1"]
[WhiteTeam "Sucre"]
[BlackTeam "Cauca"]
[WhiteTeamCountry "COL"]
[BlackTeamCountry "COL"]

1. d4 g6 2. Nf3 Bg7 3. Bf4 c5 4. c3 cxd4 5. cxd4 d6 6. e3 Nf6 7. h3 0-0 8. Nc3 Nc6 9. Be2 Bf5 10. 0-0 a6 11. Qb3 Rb8 12. Rfc1 Ne4 13. Nxe4 Bxe4 14. Nd2 Bf5 15. g4 Bd7 16. Bg3 Kh8 17. Bf3 f5 18. gxf5 Bxf5 19. Bg2 e5 20. dxe5 Nxe5 21. Rd1 Qd7 22. Kh2 Rf7 23. Rac1 Rbf8 24. a3 Be6 25. Qc2 Rxf2 26. Bxf2 Rxf2 27. Rf1 Nf3+ 28. Nxf3 Rxc2 29. Rxc2 Bf5 30. Rd2 Be4 31. Nd4 Be5+ 32. Kg1 Bxg2 33. Rxg2 Qxh3 34. Rf3 Qc8 35. Rgf2 Kg7 36. Rf7+ Kh6 37. R7f3 a5 38. Ne2 Bxb2 39. Ng3 Be5 40. Ne4 b5 41. Rg2 b4 42. axb4 axb4 43. Nf2 Qc1+ 1/2-1/2

[Event "COL-chT Interligas"]
[Site "Palmira"]
[Date "2019.04.28"]
[Round "3.1"]
[White "Romero Martinez, Filadelfo"]
[Black "Cifuentes, John Jairo"]
[Result "1-0"]
[WhiteElo "2046"]
[BlackElo "2185"]
[PlyCount "101"]
[EventDate "2019.04.27"]
[EventType "team-swiss"]
[EventRounds "6"]
[EventCountry "COL"]
[SourceTitle "CBM 190 Extra"]
[Source "ChessBase"]
[SourceDate "2019.07.15"]
[SourceVersion "1"]
[SourceVersionDate "2019.07.15"]
[SourceQuality "1"]
[WhiteTeam "Sucre"]
[BlackTeam "Cundinamarca"]
[WhiteTeamCountry "COL"]
[BlackTeamCountry "COL"]

1. e4 c5 2. Nf3 d6 3. Bc4 e6 4. Qe2 Nf6 5. c3 Be7 6. 0-0 Bd7 7. d4 cxd4 8. Nxd4 Nc6 9. Kh1 a6 10. Nd2 Qc7 11. f4 h5 12. N2f3 h4 13. f5 Nxd4 14. cxd4 h3 15. g3 Nxe4 16. fxe6 fxe6 17. Bxe6 Bxe6 18. Qxe4 Qc4 19. Bg5 0-0 20. b3 Bd5 21. bxc4 Bxe4 22. Bxe7 Rxf3 23. Rxf3 Bxf3+ 24. Kg1 Rc8 25. Kf2 Bg4 26. Rc1 Be6 27. Bxd6 Bxc4 28. a4 b5 29. a5 Rd8 30. Be5 Rf8+ 31. Ke3 Rf7 32. g4 Kh7 33. Rg1 Bd5 34. Rg3 Bg2 35. Ke2 Bf1+ 36. Ke1 Kg6 37. Rc3 Bc4 38. Rxh3 Rf1+ 39. Kd2 b4 40. Rh8 Rf2+ 41. Ke3 Re2+ 42. Kf3 b3 43. Rb8 Re1 44. Rb7 Rf1+ 45. Ke4 Rf7 46. Rb6+ Kh7 47. g5 Kh8 48. g6 Rf2 49. Rb8+ Bg8 50. h4 b2 51. Rb7 1-0

[Event "COL-ch"]
[Site "Quibdo"]
[Date "2015.11.14"]
[Round "8"]
[White "Lora, Joel Fernando"]
[Black "Romero Martinez, Filadelfo"]
[Result "0-1"]
[WhiteElo "2130"]
[BlackElo "2057"]
[PlyCount "86"]
[EventDate "2015.11.10"]
[EventType "swiss"]
[EventRounds "9"]
[EventCountry "COL"]
[SourceTitle "CBM 169 Extra"]
[Source "ChessBase"]
[SourceDate "2015.12.18"]
[SourceVersion "1"]
[SourceVersionDate "2015.12.18"]
[SourceQuality "1"]

1. e4 d6 2. d4 Nd7 3. Nc3 g6 4. Be3 Bg7 5. Qd2 c6 6. f3 Qc7 7. Nge2 a6 8. h4 h5 9. Nd1 b5 10. Nf2 Bb7 11. Nh3 c5 12. c3 Rc8 13. Rc1 Nb6 14. b3 Nf6 15. d5 Nbd7 16. Nef4 Ne5 17. Ng5 Bf8 18. Be2 Rb8 19. 0-0 Bc8 20. Nd3 Nxd3 21. Qxd3 Bg7 22. Qd2 Bd7 23. b4 c4 24. e5 dxe5 25. Bc5 Bf5 26. d6 exd6 27. Qxd6 Qxd6 28. Bxd6 Rd8 29. Bxe5 0-0 30. Rfd1 Rfe8 31. Rxd8 Rxd8 32. Bd4 Nd5 33. Bxg7 Kxg7 34. Rd1 Bd3 35. Bxd3 Nxc3 36. Ra1 cxd3 37. Ne4 Nxe4 38. fxe4 d2 39. Rd1 Kf6 40. Kf2 Ke5 41. Ke3 Rd4 42. a3 Rxe4+ 43. Kf3 Rd4 0-1

[Event "COL-ch"]
[Site "Quibdo"]
[Date "2015.11.14"]
[Round "9"]
[White "Romero Martinez, Filadelfo"]
[Black "Dominguez, Ramiro"]
[Result "0-1"]
[WhiteElo "2057"]
[BlackElo "2182"]
[PlyCount "62"]
[EventDate "2015.11.10"]
[EventType "swiss"]
[EventRounds "9"]
[EventCountry "COL"]
[SourceTitle "CBM 169 Extra"]
[Source "ChessBase"]
[SourceDate "2015.12.18"]
[SourceVersion "1"]
[SourceVersionDate "2015.12.18"]
[SourceQuality "1"]

1. e4 e5 2. Nf3 Nc6 3. Bc4 Nf6 4. Qe2 Bc5 5. c3 d6 6. h3 0-0 7. d3 Be6 8. Nbd2 h6 9. Bxe6 fxe6 10. Nb3 Bb6 11. Be3 Nh5 12. 0-0-0 Bxe3+ 13. Qxe3 a5 14. g4 Nf4 15. Rdg1 d5 16. d4 a4 17. Nc5 a3 18. b3 exd4 19. Nxd4 Nxd4 20. cxd4 b6 21. Nd3 Nxd3+ 22. Qxd3 Qg5+ 23. Kb1 Rxf2 24. exd5 Raf8 25. Rf1 Qxd5 26. Rhg1 Rxf1+ 27. Rxf1 Rxf1+ 28. Qxf1 Qxd4 29. Qe2 Kf7 30. g5 hxg5 31. Qh5+ Kf6 0-1

[Event "Mosquera op"]
[Site "Mosquera"]
[Date "2014.10.31"]
[Round "3"]
[White "Romero Martinez, Filadelfo"]
[Black "Valderrama Quiceno, Esteban Alberto"]
[Result "0-1"]
[WhiteElo "2120"]
[BlackElo "2331"]
[PlyCount "102"]
[EventDate "2014.10.30"]
[EventType "swiss"]
[EventRounds "9"]
[EventCountry "COL"]
[SourceTitle "EXT 2015"]
[Source "ChessBase"]
[SourceDate "2014.11.20"]
[SourceVersion "1"]
[SourceVersionDate "2014.11.20"]
[SourceQuality "1"]

1. e4 c5 2. Nf3 Nc6 3. d4 cxd4 4. Nxd4 Qb6 5. Nb3 Nf6 6. Nc3 e6 7. Be3 Qc7 8. a3 a6 9. Be2 b5 10. 0-0 Be7 11. f4 d6 12. Bf3 Bb7 13. Nd4 Na5 14. Qd3 Nc4 15. Bc1 Rc8 16. Kh1 0-0 17. Nde2 Rfd8 18. b3 Nb6 19. Be3 d5 20. e5 Ne4 21. Ra2 Nd7 22. Bd4 Nxc3 23. Nxc3 Bc5 24. Ne2 Bxd4 25. Qxd4 Nc5 26. h3 Ne4 27. Kh2 Nc3 28. Nxc3 Qxc3 29. Rd1 Rd7 30. Rd3 Qxd4 31. Rxd4 Rdc7 32. Bd1 a5 33. Kg1 f6 34. Rd2 Kf7 35. Be2 Bc6 36. Bd3 h5 37. Ra1 h4 38. Re1 f5 39. Ree2 g5 40. fxg5 Kg6 41. g4 hxg3 42. Rg2 Kxg5 43. Rxg3+ Kf4 44. Rg6 Re8 45. Re2 d4 46. Kh2 Rh7 47. Rg3 Rh4 48. b4 axb4 49. axb4 Ra8 50. Rg1 Rxh3+ 51. Kxh3 Rh8# 0-1

[Event "Pamplona Sub zt 2.3"]
[Site "Pamplona"]
[Date "2012.11.06"]
[Round "3"]
[White "Romero Martinez, Filadelfo"]
[Black "Torres, Juan Camilo"]
[Result "0-1"]
[WhiteElo "2092"]
[BlackElo "2316"]
[PlyCount "106"]
[EventDate "2012.11.05"]
[EventType "swiss"]
[EventRounds "9"]
[EventCountry "COL"]
[SourceTitle "EXT 2013"]
[Source "ChessBase"]
[SourceDate "2012.11.22"]
[SourceVersion "1"]
[SourceVersionDate "2012.11.22"]
[SourceQuality "1"]

1. e4 c5 2. Nf3 e6 3. Be2 a6 4. 0-0 Qc7 5. c3 d6 6. d4 Nd7 7. Be3 Ngf6 8. Nbd2 b6 9. Re1 Be7 10. h3 0-0 11. Nh2 Re8 12. Bf3 Bb7 13. Bf4 e5 14. dxe5 dxe5 15. Bg5 c4 16. Bxf6 Nxf6 17. Qe2 b5 18. Ndf1 Rad8 19. Rad1 Rxd1 20. Rxd1 Rd8 21. Rxd8+ Qxd8 22. Ng4 Nxg4 23. Bxg4 Qd3 24. Qxd3 cxd3 25. Bf3 Bg5 26. Ne3 Bxe3 27. fxe3 f5 28. Kf2 fxe4 29. Bg4 Kf7 30. Ke1 Ke7 31. Kd2 Bd5 32. b3 a5 33. Kc1 g6 34. Bd1 Kf6 35. Kd2 Kg5 36. g3 h5 37. a4 bxa4 38. bxa4 Be6 39. h4+ Kf6 40. c4 Bxc4 41. g4 Bf7 42. gxh5 gxh5 43. Kc3 Kg6 44. Kd2 Kf6 45. Kc3 Ke7 46. Kb2 Kd6 47. Kb1 Kc5 48. Kc1 Kc4 49. Kb2 Kb4 50. Kb1 Kc3 51. Kc1 Ba2 52. Bc2 d2+ 53. Kd1 Bc4 0-1

[Event "Pamplona Sub zt 2.3"]
[Site "Pamplona"]
[Date "2012.11.05"]
[Round "2"]
[White "Agudelo, Carlos Hernan"]
[Black "Romero Martinez, Filadelfo"]
[Result "0-1"]
[WhiteElo "2053"]
[BlackElo "2092"]
[PlyCount "108"]
[EventDate "2012.11.05"]
[EventType "swiss"]
[EventRounds "9"]
[EventCountry "COL"]
[SourceTitle "EXT 2013"]
[Source "ChessBase"]
[SourceDate "2012.11.22"]
[SourceVersion "1"]
[SourceVersionDate "2012.11.22"]
[SourceQuality "1"]

1. c4 c5 2. g3 e6 3. Bg2 Nf6 4. Nf3 Nc6 5. 0-0 Be7 6. d4 cxd4 7. Nxd4 a6 8. Nc3 0-0 9. e4 Qc7 10. b3 d6 11. Bb2 Bd7 12. Rc1 Rac8 13. Nd5 exd5 14. cxd5 Qa5 15. dxc6 bxc6 16. Bc3 Qb6 17. Qd2 c5 18. Ba5 Qa7 19. Nf5 Bxf5 20. exf5 Qd7 21. Rfd1 Qxf5 22. Bb7 Rb8 23. Bxa6 d5 24. Bc7 Ra8 25. Bd3 Qd7 26. Be5 Qa7 27. a4 Ng4 28. Bf4 Rfd8 29. Qe2 h5 30. Re1 c4 31. Bf5 Bb4 32. Rf1 cxb3 33. h3 Nf6 34. g4 hxg4 35. hxg4 Bd6 36. Bxd6 Rxd6 37. Qe5 Rad8 38. Rc3 g6 39. g5 Nh7 40. Rh3 gxf5 41. Rxh7 Kxh7 42. Kg2 Rh6 43. gxh6 Rg8+ 44. Kf3 Qd7 45. Rd1 Qe6 46. Qxd5 Qg6 47. Ke3 f4+ 48. Kd4 b2 49. f3 Qf6+ 50. Kc4 Rc8+ 51. Kb3 Rc1 52. Qd3+ Kxh6 53. Qd6 b1Q+ 54. Ka3 Qbb2# 0-1

[Event "Pamplona Sub zt 2.3"]
[Site "Pamplona"]
[Date "2012.11.05"]
[Round "1"]
[White "Romero Martinez, Filadelfo"]
[Black "Mosquera Klinger, Miguel Alonso"]
[Result "1/2-1/2"]
[WhiteElo "2092"]
[BlackElo "2375"]
[PlyCount "121"]
[EventDate "2012.11.05"]
[EventType "swiss"]
[EventRounds "9"]
[EventCountry "COL"]
[SourceTitle "EXT 2013"]
[Source "ChessBase"]
[SourceDate "2012.11.22"]
[SourceVersion "1"]
[SourceVersionDate "2012.11.22"]
[SourceQuality "1"]

1. d4 Nf6 2. Nf3 d5 3. Bf4 c5 4. e3 Qb6 5. b3 Nc6 6. Be2 Bf5 7. c3 e6 8. Nbd2 Qa5 9. Qc1 Rc8 10. 0-0 Be7 11. dxc5 Qxc5 12. b4 Qb6 13. Qb2 0-0 14. Rac1 Nd7 15. Nb3 Bf6 16. Bd6 Rfd8 17. Qd2 Nce5 18. Nxe5 Qxd6 19. Nxd7 Qxd7 20. Bd3 Bxd3 21. Qxd3 Qc6 22. Nd4 Qc4 23. Qxc4 Rxc4 24. Rc2 e5 25. Nb3 d4 26. Rfc1 d3 27. Rd2 e4 28. f3 Bxc3 29. Rdd1 b5 30. Na5 Bd2 31. Rxc4 Bxe3+ 32. Kf1 bxc4 33. Nxc4 Bf4 34. fxe4 Rd4 35. Na5 Bxh2 36. Nc6 Rd7 37. Kf2 Bc7 38. Kf3 a6 39. a4 f6 40. b5 axb5 41. axb5 d2 42. Ke3 Kf7 43. Rxd2 Bb6+ 44. Ke2 Rxd2+ 45. Kxd2 Ke6 46. Ke2 Kd6 47. Kf3 Kc5 48. e5 fxe5 49. Nxe5 Kxb5 50. Nf7 Kc4 51. Ng5 h6 52. Ne6 Bd4 53. Nxg7 Bxg7 54. g4 Kd4 55. Kg2 Ke3 56. Kg1 Kf3 57. Kh1 Kf2 58. Kh2 Be5+ 59. Kh1 Kf3 60. Kg1 Bf4 61. Kh1 1/2-1/2

[Event "COL-ch sf"]
[Site "Santa Rosa"]
[Date "2011.06.25"]
[Round "8"]
[White "Martinez Arroyo, Luis Alberto"]
[Black "Romero Martinez, Filadelfo"]
[Result "1-0"]
[WhiteElo "1711"]
[BlackElo "2047"]
[PlyCount "62"]
[EventDate "2011.06.22"]
[EventType "swiss"]
[EventRounds "11"]
[EventCountry "COL"]
[SourceTitle "CBM 143 Extra"]
[Source "ChessBase"]
[SourceDate "2011.08.29"]
[SourceVersion "1"]
[SourceVersionDate "2011.08.29"]
[SourceQuality "1"]

1. d4 d5 2. c4 c6 3. Nc3 Nf6 4. Bg5 e6 5. Nf3 Be7 6. e3 Nbd7 7. Bd3 0-0 8. 0-0 dxc4 9. Bxc4 c5 10. Qb3 cxd4 11. exd4 Qb6 12. Qc2 Rd8 13. Rad1 a6 14. Rfe1 Qc7 15. Qe2 b5 16. Bxe6 Bb4 17. Nd5 Qd6 18. Nxb4 Qxb4 19. Bxd7 Bxd7 20. Ne5 Re8 21. a3 Qa5 22. Bd2 Qc7 23. Qf3 Be6 24. Bg5 Nd5 25. Rc1 Qb6 26. Be3 b4 27. Rc6 Qa5 28. Rc5 Qa4 29. Rxd5 Bxd5 30. Qxd5 Rf8 31. Nxf7 Qb5 1-0

[Event "COL-ch sf "]
[Site "Medellin"]
[Date "2010.06.13"]
[Round "11"]
[White "Romero Martinez, Filadelfo"]
[Black "Ramirez, Jaime Orlando"]
[Result "1-0"]
[WhiteElo "2035"]
[BlackElo "1951"]
[PlyCount "97"]
[EventDate "2010.06.05"]
[EventType "swiss"]
[EventRounds "11"]
[EventCountry "COL"]
[SourceTitle "CBM 136 Extra"]
[Source "ChessBase"]
[SourceDate "2010.07.02"]
[SourceVersion "2"]
[SourceVersionDate "2010.07.15"]
[SourceQuality "1"]

1. e4 c5 2. Nf3 e6 3. c3 d5 4. exd5 exd5 5. d4 cxd4 6. Nxd4 Be7 7. Bd3 Nf6 8. 0-0 0-0 9. Qc2 Nc6 10. Nxc6 bxc6 11. Bg5 h6 12. Bh4 Rb8 13. Re1 Be6 14. Nd2 Qb6 15. b3 Rfe8 16. h3 Ne4 17. Bxe7 Nxd2 18. Qxd2 Rxe7 19. Re2 Rbe8 20. Rae1 Qc7 21. Qe3 Qd6 22. Bc2 Bf5 23. Qd2 Rxe2 24. Rxe2 Rxe2 25. Qxe2 Bxc2 26. Qxc2 Qe5 27. b4 g6 28. Qd2 Kg7 29. Qd4 Qxd4 30. cxd4 Kf6 31. f3 Kg5 32. g3 f5 33. f4+ Kf6 34. Kf2 g5 35. fxg5+ hxg5 36. Kf3 Kg6 37. h4 gxh4 38. gxh4 Kh5 39. Kf4 Kxh4 40. Kxf5 Kg3 41. Ke5 Kf3 42. a4 a6 43. Kd6 Ke3 44. Kxc6 Kxd4 45. b5 axb5 46. axb5 Kc4 47. b6 d4 48. b7 d3 49. b8Q 1-0